Effect of heat treatment of the electrical properties of bismuth-vanadium oxide glasses; The Soviet journal of glass physics and chemistry; Vol. 10, № 5
| Parent link: | The Soviet journal of glass physics and chemistry Vol. 10, № 5.— 1984.— P. 355-359 |
|---|---|
| Diğer Yazarlar: | , , , , |
| Özet: | With the aim of elucidating the reasons for the change in the electrical properties of bismuth-vandium oxide glasses under the action of heat treatment the authors discuss data on the effect of heating on the temperature dependence of the electrical conductivity ( sigma ) and integrated intensity of the ESR signal for glasses of the composition 78. 33V//2O//5-5. 74Bi//2O//3-15. 88CaO (mole%). The heat treatment included heating the specimens of untreated glass in air for 15 min at various temperatures В фонде НТБ ТПУ отсутствует |
| Dil: | İngilizce |
| Baskı/Yayın Bilgisi: |
1984
|
| Konular: | |
| Materyal Türü: | Kitap Bölümü |
| KOHA link: | https://koha.lib.tpu.ru/cgi-bin/koha/opac-detail.pl?biblionumber=599359 |
MARC
| LEADER | 00000naa0a2200000 4500 | ||
|---|---|---|---|
| 001 | 599359 | ||
| 005 | 20250417122807.0 | ||
| 035 | |a (RuTPU)RU\TPU\tpu\23377 | ||
| 035 | |a RU\TPU\tpu\22607 | ||
| 090 | |a 599359 | ||
| 100 | |a 20130624d1984 k||y0rusy50 ba | ||
| 101 | 0 | |a eng | |
| 102 | |a US | ||
| 200 | 1 | |a Effect of heat treatment of the electrical properties of bismuth-vanadium oxide glasses |f V. M. Kalygina [et. al.] | |
| 330 | |a With the aim of elucidating the reasons for the change in the electrical properties of bismuth-vandium oxide glasses under the action of heat treatment the authors discuss data on the effect of heating on the temperature dependence of the electrical conductivity ( sigma ) and integrated intensity of the ESR signal for glasses of the composition 78. 33V//2O//5-5. 74Bi//2O//3-15. 88CaO (mole%). The heat treatment included heating the specimens of untreated glass in air for 15 min at various temperatures | ||
| 333 | |a В фонде НТБ ТПУ отсутствует | ||
| 461 | |t The Soviet journal of glass physics and chemistry | ||
| 463 | |t Vol. 10, № 5 |v P. 355-359 |d 1984 | ||
| 610 | 1 | |a труды учёных ТПУ | |
| 701 | 1 | |a Kalygina |b V. M. | |
| 701 | 1 | |a Gaman |b V. I. | |
| 701 | 1 | |a Bogomolova |b L. D. | |
| 701 | 1 | |a Kosintsev |b V. I. |c Chemical Engineer |c consulting professor, Doctor of technical sciences |f 1939- |g Victor Ivanovich |3 (RuTPU)RU\TPU\pers\31066 | |
| 701 | 1 | |a Modebadze |b O. E. | |
| 801 | 1 | |a RU |b 63413507 |c 20110727 | |
| 801 | 2 | |a RU |b 63413507 |c 20130927 |g RCR | |
| 850 | |a 63413507 | ||
| 942 | |c CR | ||